Letters of lady Mary Wortley Montagne written during her travels in Europe, Asia, and Africa (Record no. 168020)

MARC details
000 -LEADER
campo de control de longitud fija 00767nam a22001815i 4500
001 - NÚMERO DE CONTROL
campo de control 168020
003 - IDENTIFICADOR DE NÚMERO DE CONTROL
campo de control ES-MaACL
005 - FECHA Y HORA DE LA ÚLTIMA TRANSACCIÓN
campo de control 20230906213645.0
008 - DATOS DE LONGITUD FIJA--INFORMACIÓN GENERAL
campo de control de longitud fija 960320s1817 fr |||| | eng d
040 ## - FUENTE DE CATALOGACIÓN
Centro catalogador/agencia de origen CARM
Lengua de catalogación spa
Centro/agencia transcriptor CCPB | SIC
080 ## - NÚMERO DE LA CLASIFICACIÓN DECIMAL UNIVERSAL
Número de la Clasificación Decimal Universal 821.111-992"17"
100 1# - ENTRADA PRINCIPAL--NOMBRE DE PERSONA
Nombre de persona Montagu, Mary Wortley
Títulos y otros términos asociados al nombre Lady (
Fechas asociadas al nombre 1689-1762)
9 (RLIN) 146863
245 10 - MENCIÓN DEL TÍTULO
Título Letters of lady Mary Wortley Montagne written during her travels in Europe, Asia, and Africa
Resto del título : to which are added poems by the same author.
250 ## - MENCION DE EDICION
Mención de edición Stereotype edition according to the process of Firmin Didot.
260 ## - PUBLICACIÓN, DISTRIBUCIÓN, ETC.
Lugar de publicación, distribución, etc. Paris :
Nombre del editor, distribuidor, etc. [s.n.],
Fecha de publicación, distribución, etc. 1817 (
Fabricante At the printing office and stereotype foundery of P. Didot the elder, and of F. Didot)
300 ## - DESCRIPCIÓN FÍSICA
Extensión 320 p. ;
Dimensiones 14 cm.
852 ## - LOCALIZACIÓN
Ubicación ES-MaACL
Número de control de estantería D-4030
Nota libre -- Enc. tela
Holdings
Estatus retirado Estado de pérdida Estado de daño No para préstamo Colección Biblioteca de origen Biblioteca actual Ubicación en estantería Fecha de adquisición Total de préstamos Signatura topográfica completa Código de barras Visto por última vez Precio de reemplazo Tipo de ítem Koha
        Libros del s. XIX Biblioteca del Ateneo de Madrid Biblioteca del Ateneo de Madrid Sala Valle Inclán 17/01/2008   D-4030 901176269 23/02/2023 23/02/2023 Libro impreso antiguo